|
|
|
|
| LEADER |
01742nam a2200409 a 4500 |
| 001 |
17588 |
| 003 |
BD-DhAAL |
| 005 |
20140608143704.0 |
| 008 |
850731s1985 enk b 001 0aeng |
| 010 |
|
|
|a 85185980
|
| 020 |
|
|
|a 0198185391
|
| 020 |
|
|
|a 0192813188 (pbk.)
|
| 040 |
|
|
|a DLC
|c DLC
|d DLC
|d BD-DhAAL
|
| 041 |
|
|
|a eng
|
| 043 |
|
|
|a e-uk-en
|
| 050 |
0 |
0 |
|a PR5849
|b .A85 1985
|
| 082 |
0 |
0 |
|a 828/.709
|a B
|2 19
|
| 100 |
1 |
|
|a Wordsworth, Dorothy,
|d 1771-1855.
|9 4724
|
| 240 |
1 |
0 |
|a Correspondence.
|k Selections
|
| 245 |
1 |
0 |
|a Letters of Dorothy Wordsworth :
|b a selection /
|c edited by Alan G. Hill.
|
| 260 |
|
|
|a Oxford [Oxfordshire] :
|b Clarendon Press,
|c 1985.
|
| 300 |
|
|
|a xxi, 200 p. ;
|c 23 cm.
|
| 500 |
|
|
|a "The text of the letters is taken from the six published vols. of The letters of William and Dorothy Wordsworth, 2nd ed."--T.p. verso.
|
| 500 |
|
|
|a Includes index.
|
| 504 |
|
|
|a Bibliography: p. 191-192.
|
| 541 |
|
|
|e 17588
|
| 600 |
1 |
0 |
|a Wordsworth, Dorothy,
|d 1771-1855
|x Correspondence.
|9 4725
|
| 600 |
3 |
0 |
|a Wordsworth family.
|9 4726
|
| 650 |
|
0 |
|a Authors, English
|y 19th century
|x Correspondence.
|9 4727
|
| 650 |
|
0 |
|a Romanticism
|z England.
|9 4728
|
| 651 |
|
0 |
|a Lake District (England)
|x Social life and customs.
|9 4729
|
| 700 |
1 |
|
|a Hill, Alan G.
|9 4730
|
| 856 |
4 |
2 |
|3 Publisher description
|u http://www.loc.gov/catdir/enhancements/fy0604/85185980-d.html
|
| 856 |
4 |
2 |
|3 Contributor biographical information
|u http://www.loc.gov/catdir/enhancements/fy0724/85185980-b.html
|
| 942 |
|
|
|2 ddc
|c BK
|
| 999 |
|
|
|c 14388
|d 14388
|
| 952 |
|
|
|0 0
|1 0
|2 ddc
|4 0
|6 828_709000000000000_WOR
|7 0
|9 24386
|a BRACUL
|b BRACUL
|c GEN
|d 2014-06-08
|l 0
|o 828.709 WOR
|p 3010017588
|r 2014-06-08
|t 1
|w 2014-06-08
|y BK
|x Transferred from ENH to Ayesha Abed library on 20/12/2023
|